[Event "IECG CM.1998.0.00042"]
[Site "IECG email"]
[Date "1998.??.??"]
[Round "?"]
[White "Bell, Adam"]
[Black "Simmelink, Joop Theo"]
[Result "0-1"]
[WhiteElo "2271"]
[BlackElo "2429"]
[PlyCount "64"]
[EventDate "1998.04.05"]
[EventType "tourn (corr)"]
[EventRounds "6"]
[SourceTitle "Corr 2008"]
[Source "ChessBase"]
[SourceDate "2008.06.24"]
[SourceVersion "1"]
[SourceVersionDate "2008.06.24"]
[SourceQuality "1"]

1. e4 e5 2. Nf3 Nc6 3. Bb5 a6 4. Ba4 Nf6 5. 0-0 Be7 6. Re1 b5 7. Bb3 0-0 8. c3 d5 9. exd5 Nxd5 10. Nxe5 Nxe5 11. Rxe5 c6 12. d4 Bd6 13. Re1 Qh4 14. g3 Qh3 15. Be3 Bg4 16. Qd3 Rae8 17. Nd2 Re6 18. a4 f5 19. axb5 f4 20. Bxf4 Bxf4 21. Rxe6 Bxe6 22. bxa6 Bxd2 23. Qxd2 Ra8 24. Qe2 Bf7 25. Qe5 Qd7 26. Bc4 Nf6 27. Bxf7+ Qxf7 28. Ra5 h5 29. Qf5 Qe7 30. h3 Qe2 31. a7 Kh8 32. Ra2 Ne4 0-1

[Event "IECG CM.1998.0.00042"]
[Site "IECG email"]
[Date "1998.??.??"]
[Round "?"]
[White "Verdier, Patrice"]
[Black "Bell, Adam"]
[Result "1-0"]
[WhiteElo "2409"]
[BlackElo "2271"]
[PlyCount "33"]
[EventDate "1998.04.05"]
[EventType "tourn (corr)"]
[EventRounds "6"]
[SourceTitle "Corr 2008"]
[Source "ChessBase"]
[SourceDate "2008.06.24"]
[SourceVersion "1"]
[SourceVersionDate "2008.06.24"]
[SourceQuality "1"]

1. d4 Nf6 2. c4 b6 3. Nc3 Bb7 4. Qc2 d6 5. Nf3 e5 6. dxe5 dxe5 7. Nxe5 Bd6 8. Nf3 0-0 9. Bg5 h6 10. Bh4 Re8 11. 0-0-0 Nbd7 12. Nb5 Be4 13. Qd2 Qc8 14. e3 Be7 15. Bg3 Qa6 16. a3 Red8 17. Nxc7 1-0

[Event "IECG CM.1997.0.00036"]
[Site "IECG email"]
[Date "1997.??.??"]
[Round "?"]
[White "Schenning, Albert AM"]
[Black "Bell, Adam"]
[Result "0-1"]
[WhiteElo "2038"]
[BlackElo "2271"]
[PlyCount "66"]
[EventDate "1997.12.18"]
[EventType "tourn (corr)"]
[EventRounds "6"]
[SourceTitle "Corr 2008"]
[Source "ChessBase"]
[SourceDate "2008.06.24"]
[SourceVersion "1"]
[SourceVersionDate "2008.06.24"]
[SourceQuality "1"]

1. e4 d6 2. d4 g6 3. c3 Nf6 4. e5 dxe5 5. Be3 exd4 6. Bxd4 Bg7 7. Nf3 0-0 8. Bd3 Nc6 9. Bxf6 exf6 10. 0-0 Ne5 11. Be2 Qe7 12. Nbd2 Rd8 13. Re1 c5 14. Qa4 Bf5 15. Nc4 Bd7 16. Qb3 b5 17. Ne3 Rab8 18. Qa3 Bc6 19. Nd4 f5 20. Nxc6 Nxc6 21. Bf1 b4 22. Qa4 Qb7 23. cxb4 cxb4 24. Ba6 Qb6 25. Nc4 Qc7 26. Rac1 Nd4 27. Ne5 Qd6 28. Nd3 f4 29. f3 Nf5 30. Kh1 Ne3 31. Rc6 Qd7 32. b3 Bd4 33. Rec1 Qf5 0-1